>1>Show #8656 - Monday, June 6, 2022>div>
>Ryan Long game 17. Eric Ahasic game 1.

Contestants

>[&lt;< previous game]

> href="showplayer.php?player_id=14668" rel="external">Stephanie Garrison>, an actor from Laguna Hills, California

> href="showplayer.php?player_id=14669" rel="external">Eric Ahasic>, a meteorologist from Minneapolis, Minnesota

> href="showplayer.php?player_id=14624" rel="external">Ryan Long>, a rideshare driver from Philadelphia, Pennsylvania (whose 16-day cash winnings total $299,400)

>[next game >>]

Jeopardy! Round

ble class="round"> <tr> <tr>able>
>ON THE COAST
>td>
<tr> <tr>able>
>SOUND UP!
>td>
<tr> <tr>able>
>SCIENCE STUFF
>td>
<tr> <tr>able>
>MOVIE TITLES OF A LIFETIME (NETWORK)
>td>
<tr> <tr>able>
>NON-MEDICAL DOCTORS
>td>
<tr> <tr>able> </tr> <tr> </tr> <tr> </tr> <tr> </tr> <tr> </tr> <tr> </tr> <tr> </tr> <tr> </tr> <tr> </tr> <tr> </tr> <tr> </tr> <tr> </tr> <tr> </tr> <tr> </tr> <tr> </tr> <tr> </tr> <tr> </tr> <tr> </tr> <tr> </tr> <tr> </tr> <tr> </tr> <tr> </tr> <tr> </tr> <tr> </tr> <tr> </tr> <tr> </tr> <tr> </tr> <tr> </tr> <tr> </tr> <tr> </tr> <tr> </tr> <tr> </tr> <tr> </tr> <tr> </tr> <tr> </tr> <tr> </tr> able>

Scores at the first commercial break (after clue 15):

>IT'S RHYMING DAY
>(Mayim: Each response rhymes with "day".)
<tr> <td>
>&#160;   >$200 > href="suggestcorrection.php?clue_id=430056" title="Suggest a correction for this clue" rel="nofollow">28>td>
>The beautiful people know the Côte D'Azur is also called the French this <tr> <td>
>&#160;   >$200 > href="suggestcorrection.php?clue_id=430058" title="Suggest a correction for this clue" rel="nofollow">30>td>
>Guess what?! I got a fever! & the only prescription is more this instrument here>!</td> <tr> <td>
>&#160;   >$200 29>td>
A gram stain checks for these microbes; gram-positive ones include MRSA & strep while gram-negative ones include E. coli & salmonella <tr> <td>
>&#160;   >$200 4>td>
2-4-6-8! What do we appreciate?! "Identity Theft of" this spirited type of high schooler! <tr> <td>
>&#160;   >$200 25>td>
Dr. Neil Clark Warren's 1967 Ph.D. in this subject has helped his service eHarmony engineer 2 million marriages <tr> <td>
>&#160;   >$200 15>td>
A burro's bellow <tr> <td>
>&#160;   $400 27>td>
Manuel Antonio is a magnificent beach in this Costa-l country of Central America <tr> <td>
>&#160;   $400 1>td>
The wingbeats of this bird are heard >here; it's been clocked at 50 wingbeats per second <tr> <td>
>&#160;   $400 26>td>
A spinning skater rotates faster by pulling in her arms, a >demonstration of the conservation of angular this <tr> <td>
>&#160;   $400 5>td>
It was >this two-word Internet sensation's "Worst Christmas Ever" in 2014 <tr> <td>
>&#160;   $400 > href="suggestcorrection.php?clue_id=430047" title="Suggest a correction for this clue" rel="nofollow">21>td>
>The late, great New Orleans musician Dr. John> was the inspiration for this> "Muppet Show" bandleader <tr> <td>
>&#160;   $400 > href="suggestcorrection.php?clue_id=430048" title="Suggest a correction for this clue" rel="nofollow">16>td>
>"At the home of" en Francais <tr> <td>
>&#160;   $600 > href="suggestcorrection.php?clue_id=430032" title="Suggest a correction for this clue" rel="nofollow">2>td>
>PCH for short, this road has its northern terminus near Leggett, California <tr> <td>
>&#160;   $600 > href="suggestcorrection.php?clue_id=430033" title="Suggest a correction for this clue" rel="nofollow">3>td>
>The use of this word for the basketball success heard here> dates back at least as far as 1913 <tr> <td>
>&#160;   $600 > href="suggestcorrection.php?clue_id=430039" title="Suggest a correction for this clue" rel="nofollow">8>td>
>It was launched in 1990 with optical defects that required 5 spacewalks to fix <tr> <td>
>&#160;   $600 > href="suggestcorrection.php?clue_id=430042" title="Suggest a correction for this clue" rel="nofollow">12>td>
>In 2004 wedding planner Denise Richards fell for the groom in a movie titled this "(But I Don't)" <tr> <td>
>&#160;   $600 22>td>
She said, "I worked so hard" after a 2020 op-ed suggested she stop using "Dr." before her name <tr> <td>
>&#160;   $600 17>td>
To wander off topic or to have an extramarital affair <tr> <td>
>&#160;   $800 6>td>
You'll find Pompano Beach & Deerfield Beach on this state's scenic Gold Coast <tr> <td>
>&#160;   $800 9>td>
Chiming in now:
> href="https://www.j-archive.com/media/2022-06-06_J_09.mp3">This> 15.1-ton great bell, part of a landmark
<tr> <td>
>&#160;   $800 > href="suggestcorrection.php?clue_id=430041" title="Suggest a correction for this clue" rel="nofollow">11>td>
>Abbreviated T, a fundamental unit of magnetic induction is named for this man <tr> <td>
>&#160;   $800 > href="suggestcorrection.php?clue_id=430043" title="Suggest a correction for this clue" rel="nofollow">13>td>
>Oh dear... a college student finds her own way to pay her expensive tuition in "From Straight A's to" this 3-letter movie rating <tr> <td>
>&#160;   DD: $2,000 > href="suggestcorrection.php?clue_id=430054" title="Suggest a correction for this clue" rel="nofollow">23>td>
>Near the Mass. Ave. T stop on the Orange Line is where this man lived in the 1950s getting his theology Ph.D. at Boston University <tr> <td>
>&#160;   $800 > href="suggestcorrection.php?clue_id=430050" title="Suggest a correction for this clue" rel="nofollow">19>td>
>To consider options <tr> <td>
>&#160;   $1000 > href="suggestcorrection.php?clue_id=430037" title="Suggest a correction for this clue" rel="nofollow">7>td>
>Incheon, on South Korea's West Coast, is a port on this sea north of the East China Sea <tr> <td>
>&#160;   $1000 > href="suggestcorrection.php?clue_id=430040" title="Suggest a correction for this clue" rel="nofollow">10>td>
>Heard here>, these paired items are used expertly by native people of northern North America <tr> <td>
>&#160;   $1000 > href="suggestcorrection.php?clue_id=430046" title="Suggest a correction for this clue" rel="nofollow">18>td>
>Some 25 miles in depth, it lies between the troposphere & the mesosphere <tr> <td>
>&#160;   $1000 > href="suggestcorrection.php?clue_id=430044" title="Suggest a correction for this clue" rel="nofollow">14>td>
>A high school vampire tale punned on "Eat, Pray, Love" with "Drink", this synonym for murder, "Love" >Ryan>d class="right">Stephanie>tr>>td> </tr> able> <tr> <td>
>&#160;   $1000 > href="suggestcorrection.php?clue_id=430055" title="Suggest a correction for this clue" rel="nofollow">24>td>
>In 1765 Trinity College Dublin conferred a doctorate on this pioneering dictionary maker <tr> <td>
>&#160;   $1000 > href="suggestcorrection.php?clue_id=430051" title="Suggest a correction for this clue" rel="nofollow">20>td>
>A heated dispute or competition
Ryan Eric Stephanie
$2,200 $1,600 $2,600

Scores at the end of the Jeopardy! Round:

Ryan Eric Stephanie
$2,400 $3,600 $2,400

Double Jeopardy! Round

ble class="round">
<tr> <tr>able>
>ON THE COASTER
>td>
<tr> <tr>able>
>WRITTEN IN CYRILLIC
>td>
<tr> <tr>able>
>D-DAY, THE 6th OF JUNE
>td>
<tr> <tr>able> </tr> <tr>
>ANTHROPOLOGY
>td>
<tr> <tr>able>
>WOMEN WRITERS
>td>
<tr> <tr>able> </tr> <tr> </tr> <tr> </tr> <tr> </tr> <tr> </tr> <tr> </tr> <tr> </tr> <tr> </tr> <tr> </tr> <tr> </tr> <tr> </tr> <tr> </tr> <tr> </tr> <tr> </tr> <tr> </tr> <tr> </tr> <tr> </tr> <tr> </tr> <tr> </tr> <tr> </tr> <tr> </tr> <tr> </tr> <tr> </tr> <tr> </tr> <tr> </tr> <tr> </tr> <tr> </tr> <tr> </tr> <tr> </tr> <tr> </tr> <tr> </tr> <tr> </tr> <tr> </tr> <tr> </tr> <tr> </tr> <tr> </tr> able>

Scores at the end of the Double Jeopardy! Round:

>1992 FILMS
>td>
<tr> <td>
>&#160;   $400 > href="suggestcorrection.php?clue_id=430085" title="Suggest a correction for this clue" rel="nofollow">30>td>
>Usually the coaster is on the table--> href="https://www.j-archive.com/media/2022-06-06_DJ_30.jpg" target="_blank">here>, this type of table, named for its spot next to the arm of a couch, is on the coaster <tr> <td>
>&#160;   $400 > href="suggestcorrection.php?clue_id=430074" title="Suggest a correction for this clue" rel="nofollow">17>td>
>This carnivore associated with Russia is medved in Russian <tr> <td>
>&#160;   $400 > href="suggestcorrection.php?clue_id=430076" title="Suggest a correction for this clue" rel="nofollow">19>td>
>Told there'd likely be a June 6 break in bad weather that had delayed the invasion, this commander gambled & said, "OK, let's go" <tr> <td>
>&#160;   $400 > href="suggestcorrection.php?clue_id=430086" title="Suggest a correction for this clue" rel="nofollow">29>td>
>The field of glottochronology tries to pinpoint when 2 of these branched apart from a common source <tr> <td>
>&#160;   $400 > href="suggestcorrection.php?clue_id=430077" title="Suggest a correction for this clue" rel="nofollow">14>td>
>In 1956, Kay Thompson>, on the left, appeared in a TV production about this> little girl of hers who lives at the Plaza Hotel <tr> <td>
>&#160;   $400 > href="suggestcorrection.php?clue_id=430063" title="Suggest a correction for this clue" rel="nofollow">3>td>
>Tom Hanks in this 1992 film: "Are you crying? There's no crying. There's no crying in baseball!" <tr> <td>
>&#160;   $800 > href="suggestcorrection.php?clue_id=430071" title="Suggest a correction for this clue" rel="nofollow">11>td>
>Perfect for our coasters is a round painting>, Madonna of this> fruit she's holding, its seeds a symbol of Jesus' suffering <tr> <td>
>&#160;   $800 > href="suggestcorrection.php?clue_id=430075" title="Suggest a correction for this clue" rel="nofollow">18>td>
>One way to say hello in Serbian is this, borrowed from Italian <tr> <td>
>&#160;   $800 > href="suggestcorrection.php?clue_id=430061" title="Suggest a correction for this clue" rel="nofollow">1>td>
>Oddly, Americans' first word of the invasion came from this capital, from sources like the news agency Transocean >Ryan>d class="wrong">Eric>tr>>able width="100%">r>d class="wrong">Triple Stumper>tr>>td> </tr> able> <tr> <td>
>&#160;   $800 > href="suggestcorrection.php?clue_id=430087" title="Suggest a correction for this clue" rel="nofollow">28>td>
>In everyday speech this "Money" is from unethical sources; in anthropology, it's compensation to the family of a murder victim <tr> <td>
>&#160;   $800 > href="suggestcorrection.php?clue_id=430078" title="Suggest a correction for this clue" rel="nofollow">15>td>
>Sadly, she died at the age of 30, just a year after her "Wuthering Heights" was published <tr> <td>
>&#160;   $800 > href="suggestcorrection.php?clue_id=430067" title="Suggest a correction for this clue" rel="nofollow">6>td>
>Joe Pesci played an inept lawyer who's called upon to defend Ralph Macchio in this "family" comedy <tr> <td>
>&#160;   $1200 > href="suggestcorrection.php?clue_id=430065" title="Suggest a correction for this clue" rel="nofollow">5>td>
>Coaster on coaster-->sometimes known as "The Fifth Coaster", session great King Curtis> played this instrument on hits like "Yakety Yak" <tr> <td>
>&#160;   $1200 > href="suggestcorrection.php?clue_id=430082" title="Suggest a correction for this clue" rel="nofollow">22>td>
>In Ukrainian, this winter month when Russia invaded in 2022 is Lyutyy, "cruel" <tr> <td>
>&#160;   $1200 > href="suggestcorrection.php?clue_id=430062" title="Suggest a correction for this clue" rel="nofollow">2>td>
>Members of this U.S. Army special operations force scaled> the steep cliffs of Pointe du Hoc to take out German artillery >Ryan>d class="wrong">Stephanie>tr>>td> </tr> able> <tr> <td>
>&#160;   $1200 > href="suggestcorrection.php?clue_id=430088" title="Suggest a correction for this clue" rel="nofollow">27>td>
>Why don't women die at menopause? In Kristen Hawkes' theory, when they become this older relative, they still help family survival <tr> <td>
>&#160;   $1200 > href="suggestcorrection.php?clue_id=430079" title="Suggest a correction for this clue" rel="nofollow">16>td>
> href="https://www.j-archive.com/media/2022-06-06_DJ_16.jpg" target="_blank">She> set "Little Fires Everywhere" in her hometown of Shaker Heights, Ohio <tr> <td>
>&#160;   $1200 > href="suggestcorrection.php?clue_id=430068" title="Suggest a correction for this clue" rel="nofollow">7>td>
>"You'll laugh. You'll cry. You'll hurl" was a tagline for this film starring Mike Myers & Dana Carvey as a couple of slackers <tr> <td>
>&#160;   $1600 > href="suggestcorrection.php?clue_id=430066" title="Suggest a correction for this clue" rel="nofollow">9>td>
>Coaster on coaster-->it's this> venerable Coney Island ride that Charles Lindbergh said was more thrilling than flying <tr> <td>
>&#160;   $1600 > href="suggestcorrection.php?clue_id=430083" title="Suggest a correction for this clue" rel="nofollow">23>td>
>Belarussian took words like "pan", meaning "sir" or "mister" from this language spoken due west> of Belarus <tr> <td>
>&#160;   DD: $3,200 > href="suggestcorrection.php?clue_id=430064" title="Suggest a correction for this clue" rel="nofollow">4>td>
>German Field Marshal Rommel predicted, "The first 24 hours of the invasion will be decisive... it will be" this, the title of a 1962 film <tr> <td>
>&#160;   $1600 > href="suggestcorrection.php?clue_id=430089" title="Suggest a correction for this clue" rel="nofollow">26>td>
>A curandero is one of these healers who communicate with supernatural forces for information & to attempt cures <tr> <td>
>&#160;   $1600 > href="suggestcorrection.php?clue_id=430080" title="Suggest a correction for this clue" rel="nofollow">20>td>
>In 2022 this late poet, author & activist became the first Black woman to appear on a U.S. quarter <tr> <td>
>&#160;   $1600 > href="suggestcorrection.php?clue_id=430069" title="Suggest a correction for this clue" rel="nofollow">8>td>
>Denzel Washington earned an Oscar nomination for his portrayal of this slain civil rights leader <tr> <td>
>&#160;   $2000 > href="suggestcorrection.php?clue_id=430072" title="Suggest a correction for this clue" rel="nofollow">12>td>
>Have a drink on "Forbes" 6th richest American in 1918--> href="https://www.j-archive.com/media/2022-06-06_DJ_12.jpg" target="_blank">this> meat-packing magnate of hot dogs, his family's hot dogs <tr> <td>
>&#160;   DD: $5,000 > href="suggestcorrection.php?clue_id=430084" title="Suggest a correction for this clue" rel="nofollow">24>td>
>Some Tajik speakers call their language Zaboni Forsi, meaning this national tongue <tr> <td>
>&#160;   $2000 > href="suggestcorrection.php?clue_id=430073" title="Suggest a correction for this clue" rel="nofollow">13>td>
>British & Canadian troops landed at areas code-named Gold, Juno & Sword Beaches; U.S. troops, at these 2 <tr> <td>
>&#160;   $2000 > href="suggestcorrection.php?clue_id=430090" title="Suggest a correction for this clue" rel="nofollow">25>td>
>Term for a kitchen trash heap like this> one, studied centuries later to reveal eating habits & other aspects of a bygone group <tr> <td>
>&#160;   $2000 > href="suggestcorrection.php?clue_id=430081" title="Suggest a correction for this clue" rel="nofollow">21>td>
> href="https://www.j-archive.com/media/2022-06-06_DJ_21.jpg" target="_blank">She> holds honorary doctorates from the University of Chile, the University of Santiago, & Harvard, among others <tr> <td>
>&#160;   $2000 > href="suggestcorrection.php?clue_id=430070" title="Suggest a correction for this clue" rel="nofollow">10>td>
>Chow Yun-fat starred in this Hong Kong director's action epic "Hard Boiled"
Ryan Eric Stephanie
$6,800 $10,200 $9,200

>[wagering suggestions for these scores]

Final Jeopardy! Round

ble class="final_round">
<table> <tr>d class="category_name">GREEK MYTHOLOGY>tr>
>td>tr>
iv>
<tr> <td id="clue_FJ" class="clue_text">Of the Argonauts seeking the Golden Fleece, these 2 from the same family were from Sparta according to Homer
>Ryan>d rowspan="2" valign="top">Who are Agamemnon & Menelaus? :)>tr>r>d>$6,799>tr>r>>Stephanie>d rowspan="2" valign="top">Who are Achilles + Aeschylus>tr>r>d>$6,000>tr>>d class="right">Eric>d rowspan="2" valign="top">Who are Castor & Pollux>tr>r>d>$8,201>tr>table>m class="correct_response">Castor & Pollux>td> </tr> able> >var>

Final scores:

Ryan Eric Stephanie
$1 $18,401 $3,200
3rd place: $1,000 New champion: $18,401 2nd place: $2,000

Game dynamics:

Game dynamics graph > href="help.php#coryatscore">Coryat scores:
Ryan Eric Stephanie
>$8,800 $13,600 $9,200
>14 R,
5 W
>(including 1 DD)
>20 R
(including 1 DD),
3 W
>(including 1 DD)
>14 R,
5 W
> href="help.php#combinedcoryat">Combined Coryat>: $31,600 > href="showgameresponses.php?game_id=7373&highlight=..." rel="external">[game responses]> <a href="showscores.php?game_id=7373&highlight=..." rel="external">[game scores]> <a href="suggestcorrection.php?game_id=7373" rel="nofollow">[suggest correction]>h4>
>Game tape date: 2022-04-19
The J! Archive is created by fans, for fans. Scraping, republication, monetization, and malicious use prohibited; this site may use cookies and collect identifying information. See terms. The Jeopardy! game show and all elements thereof, including but not limited to copyright and trademark thereto, are the property of Jeopardy Productions, Inc. and are protected under law. This website is not affiliated with, sponsored by, or operated by Jeopardy Productions, Inc. Join the discussion at JBoard.tv.